000 00402nam a22001457a 4500
005 20150121112759.0
008 150108b xxu||||| |||| 00| 0 eng d
040 _cPK-LaUMT
082 _aKHC 297.72
_bCHI-T
100 _aچراغ علی
245 _aتحقیق الجہاد
260 _aکراچی
_bمالک بفیس اکیڈمی و مسعود پبلشنگ
_c1967
300 _a399 ص
942 _cBK
999 _c64123
_d64123